01199nam a2200217Ia 450000500170000000800410001702000180005808200190007610000260009524500660012126000350018730000180022233600100024033700140025033800120026449000400027650400850031650505190040165000290092065000320094920231102150719.0120622t19992007mx r 000 0 spa d a9789684766273 4a340.115bC667i1 aCorreas, Oscareautor10aIntroducción a la sociología jurídicac / Oscar Correas 3aMéxicob : Fontamarac, 2007 a256 páginas atexto asin medio avolumen aColección argumentoslDerechov60 6Incluye : bibliografía (p. 243) bibliografía por capítulos (pp. 245-252 ) aLa sociología y el derecho La sociología jurídica La sociología jurídica frente a la filosofía Una concepción sociológica del derecho El derecho como discurso Producción y reconocimiento del derecho Derecho y pluralidad jurídica Los problemas de la sociología jurídica Las causas del derecho Causalidad y derecho El derecho entre la causa y el referente Una teoría sociológica del derecho Los efectos del derecho La efectividad del derecho La eficacia del derecho El derecho y el poder14aSOCIOLOGÍA DEL DERECHO24aDERECHO xASPECTOS SOCIALES